000 00302nam a22001337a 4500
008 190129b xxu||||| |||| 00| 0 eng d
020 _a9780374528898
041 _aeng
080 _a821
100 _a46
101 _aEDU
245 _aAn Introduction to English Poetry
_cFenton,J
942 _2udc
_cBK
999 _c53825
_d53825